000 00399nam a2200181Ia 4500
005 20240823035137.0
008 240823s9999||||xx |||||||||||||| ||und||
041 _aENGLISH
082 _A823.92 Q2
100 _aNistula Hebbar
245 0 _aKiss & Tell
250 _a1st
260 _c2012
_b"Penguin Books,En"
500 _aYES
650 _aNovel
_bEnglish
942 _cBK
999 _c199982
_d199982